000 005940000a22001810004500
003 MACL
005 20160409155617.0
008 160409b xxu||||| |||| 00| 0 eng d
040 _aMACL
_cMACL
041 _aHindi
082 _a370
100 _aज्ञानस्‍वरूप
_943636
245 _aभारत में शिक्षा और सामाजिक परिवर्तन
260 _aनई दिल्‍ली
_bआॅचल पब्लिकेशन्‍स
_c2012
350 _a200
650 _aशिक्षा
_951456
942 _cHIN
_k370
_2ddc
999 _c48397
_d48397